FM fits the PFI picture (Record no. 117801)

MARC details
000 -LEADER
fixed length control field 01313cam a2200229 4500
001 - CONTROL NUMBER
control field ABS68029
008 - FIXED-LENGTH DATA ELEMENTS--GENERAL INFORMATION
fixed length control field 040730n2004 000 0 eng u
035 ## - SYSTEM CONTROL NUMBER
System control number (Sirsi) u126985
100 ## - MAIN ENTRY--PERSONAL NAME
Personal name Bartlett, E.
245 ## - TITLE STATEMENT
Title FM fits the PFI picture
260 ## - PUBLICATION, DISTRIBUTION, ETC.
Date of publication, distribution, etc. 2004
490 ## - SERIES STATEMENT
Series statement Premises and Facilities Management
Volume/sequential designation July 2004, 25-26(2)
520 ## - SUMMARY, ETC.
Summary, etc. Explains the role of the facilities management contractor in the PFI/PPP process. Notes how PFI/PPP has become a highly competitive market with both the private and public sectors having established affordability benchmarks. Gives a diagram of the traditional contract structure that has evolved over the last five to seven years. Argues that the opportunities and skills of FM professionals are not being fully realised in various ranges of roles within the PFI process. These include the existing FM contract services provider and FM technical advisor to the procuring authority. Better management of operational risk from the FM could improve the current PFI process; with examples including price sensitivity and analysis relating to inflation.
590 ## - LOCAL NOTE (RLIN)
Local note ABS
590 ## - LOCAL NOTE (RLIN)
Local note ABS
650 ## - SUBJECT ADDED ENTRY--TOPICAL TERM
Topical term or geographic name entry element FM INDUSTRY
650 ## - SUBJECT ADDED ENTRY--TOPICAL TERM
Topical term or geographic name entry element FM SERVICES
650 ## - SUBJECT ADDED ENTRY--TOPICAL TERM
Topical term or geographic name entry element PFI
650 ## - SUBJECT ADDED ENTRY--TOPICAL TERM
Topical term or geographic name entry element PUBLIC PRIVATE PARTNERSHIPS
690 ## - LOCAL SUBJECT ADDED ENTRY--TOPICAL TERM (OCLC, RLIN)
Topical term or geographic name as entry element FACILITIES MANAGEMENT
9 (RLIN) 6240
942 ## - ADDED ENTRY ELEMENTS (KOHA)
Suppress in OPAC 0
Holdings
Withdrawn status Lost status Source of classification or shelving scheme Damaged status Not for loan Home library Current library Shelving location Date acquired Total Checkouts Full call number Barcode Date last seen Copy number Price effective from Koha item type
    Dewey Decimal Classification     London London Journal article 30/07/2004   ABS68029 126985-1001 06/08/2019 1 06/08/2019 Journal article